ARRUPE JESUIT UNIVERSITY

CORONAVIRUS -STOP THE SPREAD - CLEAN,DISINFECT,COVER

The fate of Africa : (Record no. 128246)

MARC details
000 -LEADER
fixed length control field 01283cam a2200313 a 4500
001 - CONTROL NUMBER
control field 2995441
003 - CONTROL NUMBER IDENTIFIER
control field ARRUPE
005 - DATE AND TIME OF LATEST TRANSACTION
control field 20180924122519.0
008 - FIXED-LENGTH DATA ELEMENTS--GENERAL INFORMATION
fixed length control field 930428s1993 nyub b 001 0 eng
010 ## - LIBRARY OF CONGRESS CONTROL NUMBER
LC control number 93008287
020 ## - INTERNATIONAL STANDARD BOOK NUMBER
International Standard Book Number 0671723596 :
Terms of availability $25.00
040 ## - CATALOGING SOURCE
Original cataloging agency DLC
Transcribing agency DLC
Modifying agency DLC
043 ## - GEOGRAPHIC AREA CODE
Geographic area code f------
050 00 - LIBRARY OF CONGRESS CALL NUMBER
Classification number DT30.5
Item number .H36 1993
082 00 - DEWEY DECIMAL CLASSIFICATION NUMBER
Classification number 960
Edition number 20
300 ## - PHYSICAL DESCRIPTION
Other physical details maps ;
Dimensions 25 cm.
100 1# - MAIN ENTRY--PERSONAL NAME
Personal name Harding, Jeremy.
9 (RLIN) 42517
245 14 - TITLE STATEMENT
Title The fate of Africa :
Remainder of title trial by fire /
Statement of responsibility, etc Jeremy Harding.
260 ## - PUBLICATION, DISTRIBUTION, ETC. (IMPRINT)
Place of publication, distribution, etc New York :
Name of publisher, distributor, etc Simon & Schuster,
Date of publication, distribution, etc c1993.
300 ## - PHYSICAL DESCRIPTION
Extent 368 p. :
500 ## - GENERAL NOTE
General note "Revised edition of Small wars, small mercies, originally published in Great Britain in 1993 by Penguin Books, Ltd."--T.p. verso.
504 ## - BIBLIOGRAPHY, ETC. NOTE
Bibliography, etc Includes bibliographical references (p. 328-343) and index.
650 #0 - SUBJECT ADDED ENTRY--TOPICAL TERM
Topical term or geographic name as entry element Insurgency
Geographic subdivision Africa
General subdivision History
Chronological subdivision 20th century.
9 (RLIN) 32065
651 #0 - SUBJECT ADDED ENTRY--GEOGRAPHIC NAME
Geographic name Africa
General subdivision Politics and government
Chronological subdivision 1960-
9 (RLIN) 42518
651 #0 - SUBJECT ADDED ENTRY--GEOGRAPHIC NAME
Geographic name Africa
General subdivision History
-- Autonomy and independence movements.
9 (RLIN) 42519
651 #0 - SUBJECT ADDED ENTRY--GEOGRAPHIC NAME
Geographic name Africa
General subdivision History, Military.
9 (RLIN) 6128
700 1# - ADDED ENTRY--PERSONAL NAME
Personal name Harding, Jeremy.
Title of a work Small wars, small mercies.
9 (RLIN) 42520
906 ## - LOCAL DATA ELEMENT F, LDF (RLIN)
a 7
b cbc
c orignew
d 1
e ocip
f 19
g y-gencatlg
942 ## - ADDED ENTRY ELEMENTS (KOHA)
Source of classification or shelving scheme Library of Congress Classification
Koha item type Monograph ( Printed materials)
Holdings
Withdrawn status Lost status Source of classification or shelving scheme Damaged status Not for loan Home library Current library Date acquired Total Checkouts Full call number Barcode Date last seen Price effective from Koha item type
    Library of Congress Classification     ARRUPE LIBRARY ARRUPE LIBRARY 24/09/2018   DT30.5 .H36 1993 46600002123 24/09/2018 24/09/2018 Monograph ( Printed materials)

 

Arrupe Library. PO Box MP320 Mt Pleasant, Harare, Zimbabwe
263 242 745411|librarian@aju.ac.zw